01952nam a22002537a 4500008004100000020002200041020002600063050002100089100002200110240006800132245015200200250001100352260004200363300002700405500009500432500007100527505086200598650003601460700003401496700004101530942000701571952010301578999001701681141112s2005 mx |||| |||| 001 0 spa d a10: 970-686-362-1 a13: 978-970-686-362-1 4aT57.6 W3718 20051 aWinston, Wayne L.10aOperations research, aplplications and algorithms. lEspañol.10aInvestigación de operaciones: baplicaciones y algoritmos / cWayne L. Winston; traducción: María Bruna Anzures, Francisco Sánchez Fragoso. a4a ed. aMéxico: bcengage learning, c2005. axv, 1418 p.: c26 cm. aPLAN FLEXIBLE LIC. INFORMÁTICA / INVESTIGACIÓN DE OPERACIONES B16 (L- 3) / (04 004630) aIncluye apéndices (p. 1336-1401) Incluye índice (p. 1402-1418) aIntroducción a la construcción de modelos; álgebra lineal básica; introducción a la programación lineal; algoritmo simplex y la programación por objetivos; análisis de sensibilidad: un enfoque aplicado; enálisis de sensibilidad y dualidad; problemas de transporte, asignación y transbordo; modelos de red; programación entera; temas avanzados y programación lineal; repaso de cálculo y probabilidad; toma de desciciones bajo incertidumbre; teoría de juegos; modelos determinísticos de inventario; modelos probabilisticos; de inventarios; cadenas de markov; programación dinámica determinista; programación dinámica probabilística; teoría de lineas de espera(también teoría de color); simulación; simulación con process model; simulación con el programa de ayuda de Excel @Risk; modelos para pronóstico.1 aINVESTIGACIÓN DE OPERACIONES.1 aAnzures, María Bruna.,etr.1 aSánchez Fragoso, Francisco., etr. cLB 00102lcc4070a04b04d2014-11-12l0oT57.6 W3718 2005p04 004630r2014-11-12t1w2014-11-12yLB c95044d95044